[Event "Germain Laplante op"]
[Site "Chambly CAN"]
[Date "2025.05.18"]
[Round "4.2"]
[White "Latorre, Vincent"]
[Black "Migot, Tangi"]
[Result "1/2-1/2"]
[WhiteElo "2368"]
[BlackElo "2425"]
[WhiteFideId "-1"]
[WhiteFideId "-1"]
[PlyCount "86"]
[GameId "2180113068357056"]
[EventDate "2025.05.16"]
[EventType "swiss"]
[EventRounds "5"]
[EventCountry "CAN"]
[TimeControl "90+30"]

1. e4 {[%emt 0:00:00]} e5 {[%emt 0:00:00]} 2. Nf3 {[%emt 0:00:00]} Nc6 {[%emt 0:00:00]} 3. Bb5 {[%emt 0:00:00]} a6 {[%emt 0:00:00]} 4. Ba4 {[%emt 0:00:00]} Bc5 {[%emt 0:00:00]} 5. O-O {[%emt 0:00:00]} Nge7 {[%emt 0:00:00]} 6. Nxe5 {[%emt 0:00:00]} Nxe5 {[%emt 0:00:00]} 7. d4 {[%emt 0:00:00]} b5 {[%emt 0:00:00]} 8. Bb3 {[%emt 0:00:00]} Bxd4 {[%emt 0:00:00]} 9. Qxd4 {[%emt 0:00:00]} d6 {[%emt 0:00:00]} 10. c3 {[%emt 0:00:00]} c5 {[%emt 0:00:00]} 11. Qd1 {[%emt 0:00:00]} O-O {[%emt 0:00:00]} 12. Bf4 {[%emt 0:00:00]} Bb7 {[%emt 0:00:00]} 13. Bc2 {[%emt 0:00:00]} Qb6 {[%emt 0:00:00]} 14. Bg3 {[%emt 0:00:00]} Qc6 {[%emt 0:00:00]} 15. Nd2 {[%emt 0:00:00]} N5g6 {[%emt 0:00:00]} 16. Nb3 {[%emt 0:00:00]} Rad8 {[%emt 0:00:00]} 17. Na5 {[%emt 0:00:00]} Qb6 {[%emt 0:00:00]} 18. Nxb7 {[%emt 0:00:00]} Qxb7 {[%emt 0:00:00]} 19. Qg4 {[%emt 0:00:00]} d5 {[%emt 0:00:00]} 20. h4 {[%emt 0:00:00]} dxe4 {[%emt 0:00:00]} 21. Bxe4 {[%emt 0:00:00]} Qb6 {[%emt 0:00:00]} 22. h5 {[%emt 0:05:12]} f5 {[%emt 0:00:00]} 23. Bxf5 {[%emt 0:00:00]} Nxf5 {[%emt 0:00:00]} 24. hxg6 {[%emt 0:00:00]} Qxg6 {[%emt 0:00:00]} 25. Qxg6 {[%emt 0:00:00]} hxg6 {[%emt 0:00:00]} 26. Bf4 {[%emt 0:00:00]} Rfe8 {[%emt 0:00:00]} 27. Rfe1 {[%emt 0:00:00]} Kf7 {[%emt 0:00:00]} 28. Bg5 {[%emt 0:03:08]} Rxe1+ {[%emt 0:02:21]} 29. Rxe1 {[%emt 0:00:07]} Re8 {[%emt 0:00:03]} 30. Rd1 {[%emt 0:00:32]} Re2 {[%emt 0:00:11]} 31. g4 {[%emt 0:02:50]} Nh6 {[%emt 0:00:36]} 32. Rd7+ {[%emt 0:00:21]} Kf8 {[%emt 0:00:27]} 33. Be3 {[%emt 0:04:31]} Rxb2 {[%emt 0:02:45]} 34. Bxc5+ {[%emt 0:00:20]} Kg8 {[%emt 0:01:49]} 35. Bd4 {[%emt 0:00:56]} Nf7 {[%emt 0:00:07]} 36. a3 {[%emt 0:01:25]} Rb3 {[%emt 0:00:31]} 37. Ra7 {[%emt 0:00:15]} Rxa3 {[%emt 0:00:10]} 38. Ra8+ {[%emt 0:00:05]} Kh7 {[%emt 0:00:04]} 39. Ra7 {[%emt 0:00:05]} Kg8 {[%emt 0:00:08]} 40. Ra8+ {[%emt 0:00:06]} Kh7 {[%emt 0:00:05]} 41. Ra7 {[%emt 0:00:06]} Kg8 {[%emt 0:01:09]} 42. Kg2 {[%emt 0:00:43]} a5 {[%emt 0:00:06]} 43. f4 {[%emt 0:00:05]} b4 {[%emt 0:00:29]} 1/2-1/2

[Event "Germain Laplante op"]
[Site "Chambly CAN"]
[Date "2025.05.18"]
[Round "5.1"]
[White "Rodrigue-Lemieux, Shawn"]
[Black "Chiku-Ratte, Olivier-Kenta"]
[Result "1-0"]
[WhiteElo "2575"]
[BlackElo "2403"]
[WhiteFideId "-1"]
[WhiteFideId "-1"]
[PlyCount "49"]
[GameId "2180113068340669"]
[EventDate "2025.05.16"]
[EventType "swiss"]
[EventRounds "5"]
[EventCountry "CAN"]
[TimeControl "90+30"]

1. c4 {[%emt 0:00:00]} g6 {[%emt 0:00:00]} 2. g3 {[%emt 0:00:00]} Bg7 {[%emt 0:00:00]} 3. Bg2 {[%emt 0:00:00]} f5 {[%emt 0:00:00]} 4. d4 {[%emt 0:00:00]} Nf6 {[%emt 0:00:00]} 5. Nc3 {[%emt 0:00:00]} d6 {[%emt 0:00:00]} 6. Nf3 {[%emt 0:00:00]} O-O {[%emt 0:00:00]} 7. O-O {[%emt 0:00:00]} Ne4 {[%emt 0:00:00]} 8. Nxe4 {[%emt 0:00:00]} fxe4 {[%emt 0:00:00]} 9. Ng5 {[%emt 0:00:00]} e6 {[%emt 0:00:00]} 10. Nxe4 {[%emt 0:00:00]} d5 {[%emt 0:00:00]} 11. Bg5 {[%emt 0:00:00]} Qd7 {[%emt 0:00:00]} 12. cxd5 {[%emt 0:00:00]} exd5 {[%emt 0:00:00]} 13. Nc3 {[%emt 0:00:00]} c6 {[%emt 0:00:00]} 14. Qd2 {[%emt 0:00:00]} Qf7 {[%emt 0:00:00]} 15. e4 {[%emt 0:00:00]} dxe4 {[%emt 0:03:17]} 16. Nxe4 {[%emt 0:00:00]} Be6 {[%emt 0:01:09]} 17. Rfe1 {[%emt 0:00:00]} Bd5 {[%emt 0:03:38]} 18. Nd6 {[%emt 0:00:00]} Qd7 {[%emt 0:00:22]} 19. Be7 {[%emt 0:00:00]} Rf3 {[%emt 0:02:02]} 20. Bxf3 {[%emt 0:00:00]} Bxf3 {[%emt 0:00:05]} 21. Qf4 {[%emt 0:00:00]} Bd5 {[%emt 0:00:52]} 22. Bf6 {[%emt 0:00:00]} Bf8 {[%emt 0:00:50]} 23. Re8 {[%emt 0:00:00]} Qh3 {[%emt 0:00:36]} 24. f3 {[%emt 0:00:00]} Bf7 {[%emt 0:00:34]} 25. Be7 {[%emt 0:00:00]} 1-0

[Event "Germain Laplante op"]
[Site "Chambly CAN"]
[Date "2025.05.18"]
[Round "5.2"]
[White "Jiang, Barron Jiyu"]
[Black "Latorre, Vincent"]
[Result "0-1"]
[WhiteElo "2064"]
[BlackElo "2368"]
[WhiteFideId "-1"]
[WhiteFideId "-1"]
[PlyCount "94"]
[GameId "2180113068340670"]
[EventDate "2025.05.16"]
[EventType "swiss"]
[EventRounds "5"]
[EventCountry "CAN"]

1. e4 c5 2. Ne2 a6 3. c4 Nc6 4. Nbc3 e5 5. d3 Nf6 6. g3 b5 7. b3 Nd4 8. Bg2 Be7 9. O-O O-O 10. f4 d6 11. h3 Bd7 12. Kh2 Bc6 13. Nxd4 cxd4 14. Nd5 Nd7 15. a4 Bxd5 16. exd5 Rb8 17. fxe5 dxe5 18. axb5 axb5 19. Qh5 Qb6 20. Ra2 Qd6 21. Re2 b4 22. h4 g6 23. Qf3 f5 24. Bh6 Rf7 25. Ra2 Nc5 26. Qd1 Bf8 27. Bxf8 Rfxf8 28. Qc2 Ra8 29. Rfa1 Rxa2 30. Rxa2 Re8 31. Ra5 e4 32. Qb2 e3 33. Bf3 Nxd3 34. Qxd4 e2 35. Ra7 Qe5 36. Qxe5 Rxe5 37. Bxe2 Rxe2+ 38. Kg1 Kf8 39. Rc7 Rc2 40. Rxh7 Nc5 41. Rc7 Nxb3 42. d6 Ke8 43. Kf1 Rxc4 44. Rb7 Nc5 45. Rb6 Kd7 46. Ke2 Ne4 47. Kd3 Nxd6 0-1

[Event "Germain Laplante op"]
[Site "Chambly CAN"]
[Date "2025.05.19"]
[Round "5.3"]
[White "Masse, Hugues"]
[Black "Tanaka, Tyler"]
[Result "1/2-1/2"]
[WhiteElo "2211"]
[BlackElo "2341"]
[WhiteFideId "-1"]
[WhiteFideId "-1"]
[PlyCount "138"]
[GameId "2180113068357057"]
[EventDate "2025.05.16"]
[EventType "swiss"]
[EventRounds "5"]
[EventCountry "CAN"]

1. d4 Nf6 2. Bf4 d5 3. e3 c5 4. Nf3 Nc6 5. Nbd2 Nh5 6. dxc5 Nxf4 7. exf4 Qa5 8. c3 Qxc5 9. Nb3 Qd6 10. g3 g6 11. Bg2 Bg7 12. O-O O-O 13. Nfd4 Nxd4 14. Nxd4 Bd7 15. Qb3 e6 16. Rfd1 Rfc8 17. a4 Rab8 18. Bf1 Qc7 19. a5 Be8 20. Rd2 Qc5 21. Qa3 Qxa3 22. Rxa3 Bf8 23. Ra1 b5 24. axb6 axb6 25. Bb5 Bg7 26. Bxe8 Rxe8 27. Ra3 Bf8 28. Rb3 Rec8 29. Rd1 Bc5 30. Rb5 Ra8 31. Nb3 Be7 32. Rxb6 Rab8 33. Rxb8 Rxb8 34. Nc1 Rxb2 35. Nd3 Rc2 36. Rc1 Rd2 37. Ne5 Ba3 38. Ra1 Bc5 39. Rf1 Rc2 40. Nd3 Rxc3 41. Nxc5 Rxc5 42. Ra1 Rc7 43. Kg2 Kg7 44. Kf3 Kf6 45. Ra3 h6 46. Rb3 Ra7 47. Kg4 Ra2 48. Kf3 g5 49. Rb7 gxf4 50. gxf4 h5 51. Kg3 Ra3+ 52. f3 Ra2 53. Rd7 Rd2 54. h3 d4 55. Kh4 Kg6 56. Kg3 f6 57. Re7 Re2 58. Rd7 Rd2 59. Re7 Kf5 60. Rh7 e5 61. Rxh5+ Kg6 62. Rh8 d3 63. fxe5 fxe5 64. Rd8 Kf5 65. Rd6 Rd1 66. Rd8 d2 67. Kf2 Rh1 68. Rxd2 Rh2+ 69. Ke3 Rxh3 1/2-1/2

[Event "Germain Laplante op"]
[Site "Chambly CAN"]
[Date "2025.05.18"]
[Round "5.4"]
[White "Kraiouchkine, Nikita"]
[Black "Mok, Yuen Tak"]
[Result "1-0"]
[WhiteElo "2262"]
[BlackElo "2100"]
[WhiteFideId "-1"]
[WhiteFideId "-1"]
[PlyCount "183"]
[GameId "2190542035201530"]
[EventDate "2025.05.16"]
[EventType "swiss"]
[EventRounds "5"]
[EventCountry "CAN"]

1. e4 c6 2. d4 d5 3. f3 e6 4. Nc3 Bb4 5. Bf4 Ne7 6. a3 Bxc3+ 7. bxc3 Qa5 8. Qd2 O-O 9. c4 Qxd2+ 10. Bxd2 Rd8 11. Bb4 Ng6 12. e5 dxc4 13. Bd6 b5 14. Ne2 Nd7 15. a4 f6 16. axb5 cxb5 17. Nc3 b4 18. Nb5 Ndf8 19. Bxc4 a6 20. Nc7 Ra7 21. Kf2 a5 22. Rhb1 fxe5 23. dxe5 Bd7 24. Ba6 Bc8 25. Rxa5 Rd7 26. Bxc8 Rxa5 27. Bxd7 Nxd7 28. Nxe6 Ndxe5 29. Bxb4 Ra2 30. Nd4 Nc6 31. Ne2 Rxc2 32. Ke3 Nxb4 33. Rxb4 h6 34. Re4 Kf7 35. h4 Rb2 36. h5 Ne7 37. g4 Nd5+ 38. Kd4 Nf6 39. Re5 Rd2+ 40. Ke3 Rd7 41. Kf2 Rd5 42. Re3 Rd2 43. Ke1 Ra2 44. Nf4 Ra7 45. Ng6 Nd5 46. Re5 Nf6 47. Kf2 Ra2+ 48. Kg3 Ra7 49. Rb5 Nd7 50. Nh4 Rc7 51. Ra5 Nf6 52. Nf5 Rd7 53. Re5 Ne8 54. Kf4 Nf6 55. Ra5 Nd5+ 56. Ke5 Nf6 57. Nd6+ Ke7 58. Ra6 Rc7 59. Nf5+ Kf8 60. Ke6 Rc8 61. Nxg7 Kxg7 62. Ra7+ Kg8 63. Kxf6 Rc6+ 64. Ke5 Rb6 65. Rd7 Rb5+ 66. Rd5 Rb7 67. Rd6 Kg7 68. f4 Rb1 69. Rd7+ Kg8 70. Rd6 Kg7 71. Rg6+ Kh7 72. Re6 Kg7 73. Kf5 Rb5+ 74. Re5 Rb8 75. Re7+ Kg8 76. g5 hxg5 77. fxg5 Rb5+ 78. Re5 Rb1 79. Kf6 Rb6+ 80. Re6 Rb8 81. Kg6 Kh8 82. Kf7 Rb7+ 83. Re7 Rb5 84. Re8+ Kh7 85. g6+ Kh6 86. Rh8+ Kg5 87. g7 Rb7+ 88. Kg8 Kf6 89. Rh6+ Kg5 90. Ra6 Rb8+ 91. Kh7 Rb7 92. Kh8 1-0

[Event "Germain Laplante op"]
[Site "Chambly CAN"]
[Date "2025.05.18"]
[Round "5.5"]
[White "Migot, Tangi"]
[Black "Turcotte, Jonathan"]
[Result "1-0"]
[WhiteElo "2425"]
[BlackElo "1955"]
[WhiteFideId "-1"]
[WhiteFideId "-1"]
[PlyCount "99"]
[GameId "2190542035267067"]
[EventDate "2025.05.16"]
[EventType "swiss"]
[EventRounds "5"]
[EventCountry "CAN"]

1. e4 c6 2. d4 d5 3. e5 Bf5 4. Be3 e6 5. Nd2 Nd7 6. Ngf3 a6 7. Be2 Ne7 8. O-O Bg6 9. Nh4 c5 10. c3 Nc6 11. Nxg6 hxg6 12. f4 Qb6 13. Qb3 Qxb3 14. Nxb3 cxd4 15. cxd4 Be7 16. Rac1 Bd8 17. a3 O-O 18. Bd3 Bb6 19. Kf2 Rfc8 20. Nc5 Nxc5 21. dxc5 Bc7 22. b4 g5 23. g3 g6 24. fxg5 Bxe5 25. Rb1 Bd4 26. Bxd4 Nxd4 27. Ke3 Nc6 28. h4 Ne5 29. Be2 a5 30. Ra1 axb4 31. axb4 Nc6 32. Rxa8 Rxa8 33. b5 Ra3+ 34. Kf2 Nd4 35. Rb1 Ra2 36. c6 bxc6 37. b6 Ra8 38. b7 Rb8 39. Ba6 c5 40. g4 Nc6 41. Rb6 Nb4 42. Bb5 c4 43. Bxc4 dxc4 44. Rxb4 Kg7 45. Ke3 e5 46. Ke4 f6 47. gxf6+ Kxf6 48. Kd5 c3 49. Kc6 c2 50. Rc4 1-0

[Event "Germain Laplante op"]
[Site "Chambly CAN"]
[Date "2025.05.18"]
[Round "5.6"]
[White "Duval, Mathieu"]
[Black "Duong, Thanh Nha"]
[Result "0-1"]
[WhiteElo "1977"]
[BlackElo "2330"]
[WhiteFideId "-1"]
[WhiteFideId "-1"]
[PlyCount "118"]
[GameId "2190542035267068"]
[EventDate "2025.05.16"]
[EventType "swiss"]
[EventRounds "5"]
[EventCountry "CAN"]

1. d4 d6 2. c4 e5 3. dxe5 dxe5 4. Qxd8+ Kxd8 5. Nf3 f6 6. Nc3 c6 7. a3 a5 8. e4 Be6 9. b3 Nd7 10. Be3 Kc7 11. Be2 Ne7 12. Na4 Nc8 13. O-O Be7 14. Rfd1 h5 15. Nh4 Bf7 16. f4 g6 17. Nf3 Nd6 18. fxe5 fxe5 19. Bg5 Rhe8 20. Bxe7 Rxe7 21. Ng5 Bg8 22. Rd2 Nf7 23. Nxf7 Bxf7 24. Rad1 Rg8 25. h4 g5 26. hxg5 Rxg5 27. Rd6 Be6 28. R6d3 Reg7 29. Bf3 h4 30. Kf2 Bg4 31. Rh1 Bxf3 32. gxf3 Rg2+ 33. Ke3 Rh7 34. Rd2 Rg6 35. Rdh2 Rgh6 36. Nc3 Nf8 37. Ne2 Ng6 38. f4 exf4+ 39. Nxf4 Ne5 40. Rg1 a4 41. Nd3 Nxd3 42. Kxd3 axb3 43. Rh3 c5 44. Kc3 Rb6 45. Kb2 Rf7 46. Rg2 Rf4 47. Rgh2 Rh6 48. Re2 Re6 49. Rhe3 Rg4 50. Kxb3 Rg3 51. Rxg3 hxg3 52. Rg2 Rg6 53. Ka4 Kd6 54. Kb5 Ke5 55. Kxc5 Kxe4 56. Rg1 Kf3 57. a4 Kf2 58. Ra1 g2 59. Ra2+ Ke3 0-1

[Event "Germain Laplante op"]
[Site "Chambly CAN"]
[Date "2025.05.18"]
[Round "5.7"]
[White "Genzling, Jerome"]
[Black "Berube, Antoine"]
[Result "1/2-1/2"]
[WhiteElo "2140"]
[BlackElo "2155"]
[WhiteFideId "-1"]
[WhiteFideId "-1"]
[PlyCount "82"]
[GameId "2190542035267069"]
[EventDate "2025.05.16"]
[EventType "swiss"]
[EventRounds "5"]
[EventCountry "CAN"]

1. e4 c5 2. Nf3 Nc6 3. Nc3 e5 4. Bc4 Be7 5. d3 d6 6. Nd2 Nf6 7. Nf1 Bg4 8. f3 Be6 9. Ne3 O-O 10. Ned5 a6 11. a4 Nb4 12. Nxf6+ Bxf6 13. Be3 Bg5 14. Bf2 Qd7 15. O-O Rab8 16. a5 Bd8 17. Be1 Bc7 18. Ne2 Nc6 19. Bd2 d5 20. exd5 Bxd5 21. Bxd5 Qxd5 22. Kh1 f5 23. f4 Rbe8 24. fxe5 Qxe5 25. Bf4 Qxe2 26. Bxc7 Qxd1 27. Raxd1 Re2 28. Bd6 Rf6 29. Bxc5 Rxc2 30. b4 Kf7 31. d4 Rc4 32. Rc1 Rxc1 33. Rxc1 Ke6 34. b5 axb5 35. Rb1 b4 36. Bxb4 Nxb4 37. Rxb4 Rf7 38. Rb5 Kd6 39. Kg1 g6 40. Kf2 Re7 41. Kf3 Kc6 1/2-1/2

[Event "Germain Laplante op"]
[Site "Chambly CAN"]
[Date "2025.05.18"]
[Round "5.8"]
[White "Beaupre, Eugene jr"]
[Black "St-Germain, Jack"]
[Result "0-1"]
[WhiteElo "1984"]
[BlackElo "2053"]
[WhiteFideId "-1"]
[WhiteFideId "-1"]
[PlyCount "132"]
[GameId "2190542035267070"]
[EventDate "2025.05.16"]
[EventType "swiss"]
[EventRounds "5"]
[EventCountry "CAN"]

1. e4 c5 2. Nc3 Nc6 3. f4 g6 4. Nf3 Bg7 5. Bb5 Nd4 6. O-O a6 7. Bc4 b5 8. Bd5 Rb8 9. d3 e6 10. Bb3 Ne7 11. Nxd4 cxd4 12. Ne2 O-O 13. Qe1 Kh8 14. f5 gxf5 15. Ng3 fxe4 16. dxe4 Ng6 17. Nh5 Bb7 18. Nxg7 Kxg7 19. Qd2 Kg8 20. Qxd4 Qh4 21. Qxd7 Qxe4 22. Qd2 Rbd8 23. Qf2 Qh4 24. Qxh4 Nxh4 25. c3 Nxg2 26. Bg5 Rd3 27. Rad1 Rxd1 28. Rxd1 Kg7 29. Rd7 Bc6 30. Rc7 Be4 31. Bxe6 Kg6 32. Be7 Re8 33. Bc8 Nf4 34. Ba3 Rd8 35. Kf2 a5 36. Bb7 Bb1 37. Be7 Rb8 38. Ke3 Ne6 39. Rd7 Bxa2 40. Be4+ f5 41. Bc2 a4 42. Bb4 Re8 43. Kf2 Bc4 44. Rd1 Nf4 45. Kf3 Nd5 46. Rg1+ Kf6 47. Bc5 Be2+ 48. Kf2 Bg4 49. Bd4+ Kf7 50. Bd3 Nf4 51. Bxb5 Rb8 52. Bc4+ Kg6 53. Ke3 Nh3 54. Rg2 Kg5 55. Rd2 f4+ 56. Kd3 h5 57. Kc2 f3 58. Bf1 Bf5+ 59. Bd3 Bxd3+ 60. Kxd3 Kg4 61. c4 Rb3+ 62. Kc2 Ng5 63. Kd1 Ne4 64. Rc2 Rd3+ 65. Ke1 Rxd4 66. c5 f2+ 0-1

[Event "Germain Laplante op"]
[Site "Chambly CAN"]
[Date "2025.05.18"]
[Round "5.9"]
[White "Nassif, Aba"]
[Black "Iordanescu, Victor Nicolae"]
[Result "0-1"]
[WhiteElo "2049"]
[BlackElo "1876"]
[WhiteFideId "-1"]
[WhiteFideId "-1"]
[PlyCount "121"]
[GameId "2190542035267071"]
[EventDate "2025.05.16"]
[EventType "swiss"]
[EventRounds "5"]
[EventCountry "CAN"]

1. d4 Nf6 2. c4 e6 3. a3 d5 4. Bf4 Bd6 5. Bg5 Be7 6. Nc3 O-O 7. f3 c5 8. dxc5 dxc4 9. e4 Qc7 10. Qd4 Qxc5 11. Qxc5 Bxc5 12. Bxc4 Nc6 13. O-O-O a6 14. b4 Be7 15. f4 b5 16. Bb3 a5 17. e5 Ng4 18. Bxe7 Nxe7 19. Rd2 axb4 20. axb4 Bb7 21. Kb2 Ne3 22. Nge2 Bxg2 23. Rg1 Bd5 24. Nxb5 Rfb8 25. Ned4 Nc4+ 26. Bxc4 Bxc4 27. Na3 Rxb4+ 28. Kc1 Rba4 29. Rg3 g6 30. Rc3 Nd5 31. Rf3 Nxf4 32. Rxf4 Rxa3 33. Nc2 Rc3 34. Kb2 Rb3+ 35. Kc1 Bd5 36. Rdf2 Rc8 37. Kd2 Rb2 38. Kd3 Rb3+ 39. Kd2 Rc7 40. h4 Rg3 41. Ne3 Bb7 42. Ng4 Kg7 43. h5 Ba6 44. h6+ Kf8 45. Rd4 Rcc3 46. Nf6 Rgd3+ 47. Rxd3 Rxd3+ 48. Kc2 Rh3 49. Rd2 Bb5 50. Rd8+ Ke7 51. Rb8 Ba4+ 52. Kd2 g5 53. Rh8 g4 54. Rxh7 g3 55. Ke2 g2 56. Kf2 Bc6 57. Ng8+ Kf8 58. Rg7 Rxh6 59. Rg5 Rh1 60. Nf6 Rf1+ 61. Ke2 0-1

[Event "Germain Laplante op"]
[Site "Chambly CAN"]
[Date "2025.05.18"]
[Round "5.10"]
[White "Di Matteo, Alessio"]
[Black "Gauthier, Denis"]
[Result "1-0"]
[WhiteElo "1880"]
[BlackElo "1700"]
[WhiteFideId "-1"]
[WhiteFideId "-1"]
[PlyCount "53"]
[GameId "2190542035135988"]
[EventDate "2025.05.16"]
[EventType "swiss"]
[EventRounds "5"]
[EventCountry "CAN"]

1. d4 Nf6 2. c4 e6 3. Nc3 Bb4 4. a3 Bxc3+ 5. bxc3 d6 6. f3 Nh5 7. Nh3 Qh4+ 8. Nf2 Qe7 9. e4 e5 10. Bd3 c5 11. d5 O-O 12. O-O Nf4 13. Bxf4 exf4 14. Qd2 Qe5 15. Bc2 g5 16. Nd3 Qe7 17. g3 fxg3 18. hxg3 Kh8 19. e5 dxe5 20. Rae1 f6 21. Nf2 Nd7 22. Kg2 Rg8 23. Rh1 Nf8 24. d6 Qf7 25. Rh6 Be6 26. Reh1 Rg7 27. Ne4 1-0

[Event "Germain Laplante op"]
[Site "Chambly CAN"]
[Date "2025.05.18"]
[Round "5.11"]
[White "Filion, Samuel"]
[Black "Lamontagne, Damien"]
[Result "1-0"]
[WhiteElo "1718"]
[BlackElo "1887"]
[WhiteFideId "-1"]
[WhiteFideId "-1"]
[PlyCount "27"]
[GameId "2190542035164661"]
[EventDate "2025.05.16"]
[EventType "swiss"]
[EventRounds "5"]
[EventCountry "CAN"]

1. Nf3 Nf6 2. g3 d5 3. Bg2 e6 4. O-O c5 5. c4 Nc6 6. d4 h6 7. Nc3 b6 8. cxd5 exd5 9. Ne5 Ne7 10. e4 Ng6 11. Nxg6 fxg6 12. e5 cxd4 13. exf6 dxc3 14. Re1+ 1-0

[Event "Germain Laplante op"]
[Site "Chambly CAN"]
[Date "2025.05.18"]
[Round "5.12"]
[White "Parenteau, Francois"]
[Black "Hebrard, Emmanuel"]
[Result "0-1"]
[WhiteElo "1769"]
[BlackElo "1994"]
[WhiteFideId "-1"]
[WhiteFideId "-1"]
[PlyCount "64"]
[GameId "2190542035164662"]
[EventDate "2025.05.16"]
[EventType "swiss"]
[EventRounds "5"]
[EventCountry "CAN"]

1. d4 Nf6 2. Nf3 g6 3. c4 Bg7 4. Nc3 d6 5. Bh6 Nbd7 6. e3 O-O 7. Be2 c6 8. Qc2 Qc7 9. O-O e5 10. Rfd1 Re8 11. b4 b6 12. c5 bxc5 13. bxc5 dxc5 14. dxe5 Nxe5 15. Nxe5 Qxe5 16. Bf4 Qf5 17. Qxf5 Bxf5 18. Rac1 Rad8 19. Bf3 Bg4 20. Bxg4 Nxg4 21. Rxd8 Rxd8 22. Ne4 f5 23. Nxc5 Rd2 24. a4 Nxf2 25. h3 Ra2 26. Bb8 Bh6 27. Rc3 Nd1 28. Rd3 Bxe3+ 29. Kh2 Bxc5 30. Rxd1 Rxa4 31. Rd7 Rd4 32. Rb7 a5 0-1

[Event "Germain Laplante op"]
[Site "Chambly CAN"]
[Date "2025.05.18"]
[Round "5.15"]
[White "Bain-Thouverez, Aurelien"]
[Black "Wu, Yuchen"]
[Result "1-0"]
[WhiteElo "1757"]
[BlackElo "1437"]
[WhiteFideId "-1"]
[WhiteFideId "-1"]
[PlyCount "75"]
[GameId "2190542035201527"]
[EventDate "2025.05.16"]
[EventType "swiss"]
[EventRounds "5"]
[EventCountry "CAN"]

1. Nf3 d5 2. g3 Bf5 3. Bg2 Nc6 4. d4 Nf6 5. O-O e6 6. c4 Be7 7. Nc3 O-O 8. Ne5 h6 9. Re1 Bb4 10. Nxc6 bxc6 11. Qa4 Bxc3 12. bxc3 Qd7 13. f3 c5 14. Qxd7 Nxd7 15. cxd5 exd5 16. dxc5 c6 17. Bf4 Rfe8 18. e4 Be6 19. Bd6 f6 20. f4 dxe4 21. Bxe4 Bd5 22. Bg6 Bf7 23. Bxf7+ Kxf7 24. Rxe8 Rxe8 25. Rb1 Re3 26. Rb7 Ke6 27. Rc7 Rxc3 28. Rxc6 a5 29. Rc8 Kf7 30. f5 g5 31. Rc7 Ke8 32. Rc8+ Kf7 33. Rc7 Ke8 34. c6 Nb6 35. Re7+ Kd8 36. c7+ Kc8 37. Re8+ Kd7 38. Rd8+ 1-0

[Event "Germain Laplante op"]
[Site "Chambly CAN"]
[Date "2025.05.18"]
[Round "5.16"]
[White "Wu, Ting En Ryan"]
[Black "Herilala, Manitra"]
[Result "0-1"]
[WhiteElo "1732"]
[BlackElo "1833"]
[WhiteFideId "-1"]
[WhiteFideId "-1"]
[PlyCount "114"]
[GameId "2190542035201528"]
[EventDate "2025.05.16"]
[EventType "swiss"]
[EventRounds "5"]
[EventCountry "CAN"]

1. e4 g6 2. d4 Bg7 3. Nc3 d6 4. Be3 Nf6 5. h3 O-O 6. Nf3 c6 7. Bd3 Nbd7 8. a4 a5 9. O-O e5 10. dxe5 dxe5 11. Bc4 Qc7 12. Qe2 Nh5 13. Rfd1 Nf4 14. Qf1 Nb6 15. Bb3 Be6 16. Ra3 Rfd8 17. Rxd8+ Rxd8 18. Ng5 Bxb3 19. Rxb3 Nc8 20. g3 Nh5 21. Qc4 h6 22. Nf3 Rd7 23. Ne1 Kh7 24. Qe2 Bf6 25. Nd3 b6 26. Qf3 Bg5 27. Bxg5 hxg5 28. Nb1 Ng7 29. Qf6 Ne6 30. Kg2 Re7 31. Rc3 Nd6 32. Nd2 Ne8 33. Qf3 Kg7 34. Nc4 Nd4 35. Qd1 f6 36. Ne3 Qb7 37. Ra3 Rd7 38. c3 Ne6 39. Qc2 Qa6 40. Ne1 N8c7 41. Ra1 Kf7 42. Rd1 Rxd1 43. Qxd1 Ke7 44. h4 gxh4 45. Qg4 hxg3 46. fxg3 Ng5 47. c4 Nce6 48. Qh4 Qc8 49. Qh6 Qg8 50. Nd3 Nxe4 51. Ng4 N6g5 52. b4 Qxc4 53. Qg7+ Nf7 54. Ngxe5 fxe5 55. Nxe5 Qe2+ 56. Kh3 Neg5+ 57. Kh4 Qh5# 0-1

[Event "Intermat"]
[Site "Burnaby CAN"]
[Date "2025.06.08"]
[Round "1.1"]
[White "Suresh, Yaswitha"]
[Black "Zeng, Liam"]
[Result "1-0"]
[WhiteElo "821"]
[BlackElo "665"]
[WhiteFideId "-1"]
[WhiteFideId "-1"]
[PlyCount "37"]
[GameId "2192962065411200"]
[EventDate "2025.06.08"]
[EventType "match"]
[EventRounds "2"]
[EventCountry "CAN"]
[WhiteTeam "BC"]
[BlackTeam "WA"]

1. e4 e5 2. Nf3 d6 3. Bc4 Qf6 4. Nc3 Be6 5. d3 c6 6. Bg5 Qg6 7. h4 h5 8. O-O f6 9. Bxe6 fxg5 10. Nxg5 Nh6 11. d4 Be7 12. dxe5 Bxg5 13. hxg5 Ng4 14. Qxd6 Qxg5 15. Rfd1 Nxe5 16. Qc7 Nf3+ 17. Kf1 Na6 18. Qd7+ Kf8 19. Qf7# 1-0

[Event "Intermat"]
[Site "Burnaby CAN"]
[Date "2025.06.08"]
[Round "1.2"]
[White "Xing, Vincent"]
[Black "Jiang, Callie"]
[Result "0-1"]
[WhiteElo "600"]
[BlackElo "603"]
[WhiteFideId "-1"]
[WhiteFideId "-1"]
[PlyCount "34"]
[GameId "2192962065423489"]
[EventDate "2025.06.08"]
[EventType "match"]
[EventRounds "2"]
[EventCountry "CAN"]
[WhiteTeam "BC"]
[BlackTeam "WA"]

1. e4 e5 2. Nf3 Nc6 3. Bc4 Nf6 4. O-O Nxe4 5. d3 Nf6 6. Ng5 d5 7. Bb3 Ng4 8. f3 Be7 9. Nxf7 Kxf7 10. fxg4+ Ke8 11. Be3 d4 12. Bxd4 Qxd4+ 13. Kh1 Bxg4 14. Qc1 Rf8 15. Re1 Qf2 16. Re3 Qf1+ 17. Qxf1 Rxf1# 0-1

[Event "Intermat"]
[Site "Burnaby CAN"]
[Date "2025.06.08"]
[Round "1.3"]
[White "Chen, Yuhong"]
[Black "Ren, Easton"]
[Result "0-1"]
[WhiteElo "1067"]
[BlackElo "1354"]
[WhiteFideId "-1"]
[WhiteFideId "-1"]
[PlyCount "84"]
[GameId "2192962065435778"]
[EventDate "2025.06.08"]
[EventType "match"]
[EventRounds "2"]
[EventCountry "CAN"]
[WhiteTeam "BC"]
[BlackTeam "WA"]

1. e4 e5 2. Nf3 Nc6 3. Bc4 Nf6 4. Ng5 d5 5. exd5 b5 6. dxc6 bxc4 7. c3 Qd5 8. Nf3 e4 9. Nd4 Bc5 10. Nb5 Qxc6 11. Qa4 Bd7 12. N1a3 Bxa3 13. bxa3 Qxb5 14. Qc2 O-O 15. Rb1 Qc6 16. O-O Rad8 17. Rb4 a5 18. Rb1 Bf5 19. Qd1 e3 20. fxe3 Bxb1 21. a4 Bxa2 22. Ba3 Rfe8 23. Qc2 Bb3 24. Qf5 Rxd2 25. Rf2 Rxf2 26. Qxf2 Qxa4 27. Qb2 Rxe3 28. Bc5 Re1+ 29. Kf2 Ra1 30. Qd2 Ra2 31. Qxa2 Qxa2+ 32. Kg3 Qe2 33. Bd4 Qg4+ 34. Kf2 Ne4+ 35. Ke3 Qxg2 36. Kf4 a4 37. h4 a3 38. h5 a2 39. h6 a1=Q 40. hxg7 Qaf1+ 41. Ke5 Qf6+ 42. Kd5 Qd6# 0-1

[Event "Intermat"]
[Site "Burnaby CAN"]
[Date "2025.06.08"]
[Round "1.4"]
[White "He, Ron"]
[Black "Lai, Ryan"]
[Result "0-1"]
[WhiteElo "1050"]
[BlackElo "1247"]
[WhiteFideId "-1"]
[WhiteFideId "-1"]
[PlyCount "54"]
[GameId "2192962065448067"]
[EventDate "2025.06.08"]
[EventType "match"]
[EventRounds "2"]
[EventCountry "CAN"]
[WhiteTeam "BC"]
[BlackTeam "WA"]

1. d4 e6 2. e4 d5 3. exd5 exd5 4. Nf3 Bg4 5. h3 Bh5 6. Be2 Bxf3 7. Bxf3 Be7 8. c3 Nf6 9. Bf4 O-O 10. Nd2 Re8 11. O-O Nbd7 12. Re1 c5 13. dxc5 Nxc5 14. Be2 Nce4 15. Nxe4 Nxe4 16. Qd4 Bc5 17. Qd1 Qh4 18. Be3 Bxe3 19. fxe3 Qf2+ 20. Kh2 Qg3+ 21. Kg1 Nf2 22. Qxd5 Nxh3+ 23. Kh1 Rxe3 24. Rad1 h6 25. Qxb7 Rae8 26. Qb5 Nf2+ 27. Kg1 Nxd1 0-1